[Event "DEM U12 2025"]
[Site "Willingen GER"]
[Date "2025.06.12"]
[Round "7"]
[White "Belin, Anton"]
[Black "Steinbrenner, Peter"]
[Result "1-0"]
[Termination "normal"]
[Board "3"]
[WhiteElo "2061"]
[BlackElo "1908"]
[WhiteClock "00:31:42"]
[BlackClock "00:28:26"]
[PlyCount "101"]
[WhiteFideId "34610952"]
[BlackFideId "34645535"]
[EventCountry "GER"]
[EventRounds "9"]
[EventType "swiss"]
[EventDate "2025.06.07"]

1. e4 {[%clk 01:30:55]} {[%emt 00:00:04]} e5 {[%clk 01:30:45]} {[%emt
00:00:16]} 2. Nf3 {[%clk 01:31:17]} {[%emt 00:00:07]} Nc6 {[%clk 01:31:05]}
{[%emt 00:00:10]} 3. Bb5 {[%clk 01:31:32]} {[%emt 00:00:15]} a6 {[%clk
01:31:26]} {[%emt 00:00:10]} 4. Ba4 {[%clk 01:31:47]} {[%emt 00:00:15]} Nf6
{[%clk 01:31:45]} {[%emt 00:00:10]} 5. O-O {[%clk 01:31:58]} {[%emt 00:00:20]}
b5 {[%clk 01:32:09]} {[%emt 00:00:06]} 6. Bb3 {[%clk 01:32:02]} {[%emt
00:00:25]} Bc5 {[%clk 01:32:28]} {[%emt 00:00:11]} 7. c3 {[%clk 01:31:22]}
{[%emt 00:01:11]} d6 {[%clk 01:32:35]} {[%emt 00:00:23]} 8. d4 {[%clk
01:30:54]} {[%emt 00:00:58]} Bb6 {[%clk 01:32:43]} {[%emt 00:00:21]} 9. h3
{[%clk 01:29:05]} {[%emt 00:02:19]} h6 {[%clk 01:33:07]} {[%emt 00:00:07]} 10.
Be3 {[%clk 01:27:49]} {[%emt 00:01:45]} O-O {[%clk 01:32:08]} {[%emt 00:01:28]}
11. Nbd2 {[%clk 01:25:56]} {[%emt 00:02:24]} Bb7 {[%clk 01:31:33]} {[%emt
00:01:06]} 12. Re1 {[%clk 01:23:52]} {[%emt 00:02:34]} Re8 {[%clk 01:29:03]}
{[%emt 00:03:00]} 13. Bc2 {[%clk 01:19:55]} {[%emt 00:04:26]} Nb8 {[%clk
01:19:14]} {[%emt 00:10:20]} 14. Nh2 {[%clk 01:09:04]} {[%emt 00:11:20]} Nbd7
{[%clk 01:08:19]} {[%emt 00:11:25]} 15. a4 {[%clk 01:03:19]} {[%emt 00:06:15]}
Nf8 {[%clk 00:59:59]} {[%emt 00:08:49]} 16. Qe2 {[%clk 00:59:45]} {[%emt
00:04:04]} bxa4 {[%clk 00:38:17]} {[%emt 00:22:12]} 17. Bxa4 {[%clk 00:56:19]}
{[%emt 00:03:56]} Re7 {[%clk 00:37:48]} {[%emt 00:00:59]} 18. Ng4 {[%clk
00:47:50]} {[%emt 00:08:59]} Nxg4 {[%clk 00:30:59]} {[%emt 00:07:19]} 19. Qxg4
{[%clk 00:47:58]} {[%emt 00:00:22]} Re6 {[%clk 00:29:15]} {[%emt 00:02:13]} 20.
Qh5 {[%clk 00:32:11]} {[%emt 00:16:17]} exd4 {[%clk 00:20:35]} {[%emt
00:09:11]} 21. Bxd4 {[%clk 00:30:39]} {[%emt 00:02:02]} Bxd4 {[%clk 00:20:14]}
{[%emt 00:00:51]} 22. cxd4 {[%clk 00:31:02]} {[%emt 00:00:07]} Rg6 {[%clk
00:19:56]} {[%emt 00:00:47]} 23. Bb3 {[%clk 00:28:46]} {[%emt 00:02:46]} Ne6
{[%clk 00:16:34]} {[%emt 00:03:52]} 24. Bxe6 {[%clk 00:28:15]} {[%emt
00:01:00]} Rxe6 {[%clk 00:16:50]} {[%emt 00:00:15]} 25. Ra3 {[%clk 00:27:01]}
{[%emt 00:01:45]} Qe7 {[%clk 00:15:12]} {[%emt 00:02:07]} 26. Rae3 {[%clk
00:23:07]} {[%emt 00:04:24]} Qg5 {[%clk 00:09:53]} {[%emt 00:05:49]} 27. Qxg5
{[%clk 00:21:33]} {[%emt 00:02:04]} hxg5 {[%clk 00:10:18]} {[%emt 00:00:05]}
28. d5 {[%clk 00:19:59]} {[%emt 00:02:05]} Re7 {[%clk 00:10:17]} {[%emt
00:00:31]} 29. Rc1 {[%clk 00:19:56]} {[%emt 00:00:33]} Rc8 {[%clk 00:09:01]}
{[%emt 00:01:45]} 30. Nc4 {[%clk 00:17:03]} {[%emt 00:03:23]} Rce8 {[%clk
00:08:17]} {[%emt 00:01:14]} 31. Rb3 {[%clk 00:15:32]} {[%emt 00:02:01]} Ba8
{[%clk 00:06:35]} {[%emt 00:02:12]} 32. f3 {[%clk 00:15:16]} {[%emt 00:00:45]}
Rd8 {[%clk 00:04:48]} {[%emt 00:02:18]} 33. Ne3 {[%clk 00:12:57]} {[%emt
00:02:49]} g6 {[%emt 00:03:03]} 34. g4 {[%clk 00:11:21]} Kg7 {[%clk 00:04:12]}
{[%emt 00:00:39]} 35. Kf2 {[%clk 00:10:31]} {[%emt 00:01:20]} Rh8 {[%clk
00:03:42]} {[%emt 00:01:00]} 36. Kg3 {[%clk 00:10:27]} {[%emt 00:00:34]} Rc8
{[%clk 00:03:50]} {[%emt 00:00:22]} 37. Nc4 {[%clk 00:09:19]} {[%emt 00:01:38]}
Rd8 {[%clk 00:04:11]} {[%emt 00:00:09]} 38. Ra1 {[%clk 00:08:01]} {[%emt
00:01:48]} c6 {[%clk 00:03:47]} {[%emt 00:00:54]} 39. dxc6 {[%clk 00:07:27]}
{[%emt 00:01:05]} Bxc6 {[%clk 00:04:08]} {[%emt 00:00:08]} 40. Rxa6 {[%clk
00:07:46]} {[%emt 00:00:10]} Rc7 {[%clk 00:04:01]} {[%emt 00:00:38]} 41. Na5
{[%clk 00:06:28]} {[%emt 00:01:48]} Be8 {[%clk 00:02:18]} {[%emt 00:02:12]} 42.
Nb7 {[%clk 00:05:41]} {[%emt 00:01:18]} Rdd7 {[%clk 00:28:51]} {[%emt
00:03:57]} 43. Nxd6 {[%clk 00:35:29]} {[%emt 00:00:42]} Rd8 {[%clk 00:28:37]}
{[%emt 00:00:44]} 44. e5 {[%clk 00:32:11]} {[%emt 00:03:48]} Bd7 {[%clk
00:28:07]} {[%emt 00:01:00]} 45. Rc3 {[%clk 00:31:03]} {[%emt 00:01:38]} Rxc3
{[%clk 00:27:53]} {[%emt 00:00:44]} 46. bxc3 {[%clk 00:31:26]} {[%emt
00:00:07]} Be6 {[%clk 00:28:17]} {[%emt 00:00:06]} 47. c4 {[%clk 00:31:16]}
{[%emt 00:00:40]} Rd7 {[%clk 00:28:24]} {[%emt 00:00:24]} 48. c5 {[%clk
00:31:19]} {[%emt 00:00:27]} Re7 {[%clk 00:28:11]} {[%emt 00:00:42]} 49. c6
{[%clk 00:31:16]} {[%emt 00:00:34]} f6 {[%clk 00:28:02]} {[%emt 00:00:38]} 50.
exf6+ {[%clk 00:31:24]} {[%emt 00:00:22]} Kxf6 {[%clk 00:28:26]} {[%emt
00:00:06]} 51. c7 {[%clk 00:31:42]} {[%emt 00:00:12]} 1-0

[Event "DEM U12 2025"]
[Site "Willingen GER"]
[Date "2025.06.12"]
[Round "7"]
[White "Gersemann, Karl"]
[Black "Sheng, Ming"]
[Result "1/2-1/2"]
[Termination "normal"]
[Board "4"]
[WhiteElo "1982"]
[BlackElo "2038"]
[WhiteClock "00:39:49"]
[BlackClock "00:19:57"]
[PlyCount "93"]
[WhiteFideId "34602186"]
[BlackFideId "34605258"]
[EventCountry "GER"]
[EventRounds "9"]
[EventType "swiss"]
[EventDate "2025.06.07"]

1. e4 {[%clk 01:30:56]} {[%emt 00:00:03]} c6 {[%clk 01:30:59]} {[%emt
00:00:03]} 2. Nc3 {[%clk 01:31:18]} {[%emt 00:00:06]} d5 {[%clk 01:31:26]}
{[%emt 00:00:04]} 3. Nf3 {[%clk 01:31:37]} {[%emt 00:00:09]} Bg4 {[%clk
01:31:47]} {[%emt 00:00:10]} 4. Be2 {[%clk 01:31:54]} {[%emt 00:00:12]} e6
{[%clk 01:31:17]} {[%emt 00:01:02]} 5. d4 {[%clk 01:32:11]} {[%emt 00:00:11]}
Nf6 {[%clk 01:31:43]} {[%emt 00:00:06]} 6. e5 {[%clk 01:32:32]} {[%emt
00:00:07]} Nfd7 {[%clk 01:32:06]} {[%emt 00:00:08]} 7. Ng5 {[%clk 01:32:53]}
{[%emt 00:00:07]} Bxe2 {[%clk 01:23:42]} {[%emt 00:08:56]} 8. Qxe2 {[%clk
01:33:13]} {[%emt 00:00:09]} Be7 {[%clk 01:17:37]} {[%emt 00:06:36]} 9. Qh5
{[%clk 01:33:34]} {[%emt 00:00:08]} Bxg5 {[%clk 01:17:52]} {[%emt 00:00:17]}
10. Bxg5 {[%clk 01:33:56]} {[%emt 00:00:06]} Qb6 {[%clk 01:17:36]} {[%emt
00:00:47]} 11. O-O-O {[%clk 01:34:18]} {[%emt 00:00:08]} c5 {[%clk 01:12:13]}
{[%emt 00:05:54]} 12. Be3 {[%clk 01:33:30]} {[%emt 00:01:17]} c4 {[%clk
01:01:52]} {[%emt 00:10:51]} 13. f4 {[%clk 01:33:39]} {[%emt 00:00:20]} Na6
{[%clk 00:46:06]} {[%emt 00:16:17]} 14. f5 {[%clk 01:30:28]} {[%emt 00:03:40]}
Nc7 {[%clk 00:45:55]} {[%emt 00:00:43]} 15. Rhe1 {[%clk 01:24:28]} {[%emt
00:06:28]} exf5 {[%clk 00:25:00]} {[%emt 00:21:26]} 16. e6 {[%clk 01:24:35]}
{[%emt 00:00:23]} Nxe6 {[%clk 00:24:35]} {[%emt 00:00:54]} 17. Nxd5 {[%clk
01:24:51]} {[%emt 00:00:13]} Qd6 {[%clk 00:23:46]} {[%emt 00:01:20]} 18. Qxf5
{[%clk 01:21:02]} {[%emt 00:04:18]} O-O {[%clk 00:23:21]} {[%emt 00:00:55]} 19.
Nc3 {[%clk 01:19:27]} {[%emt 00:02:05]} Nb6 {[%clk 00:17:28]} {[%emt 00:06:23]}
20. g4 {[%clk 01:11:27]} {[%emt 00:08:30]} Rad8 {[%clk 00:16:17]} {[%emt
00:01:41]} 21. d5 {[%clk 01:10:30]} {[%emt 00:01:26]} Nc7 {[%clk 00:14:22]}
{[%emt 00:02:26]} 22. Bg5 {[%clk 00:45:56]} {[%emt 00:25:04]} f6 {[%clk
00:10:37]} {[%emt 00:04:15]} 23. Bf4 {[%clk 00:46:06]} {[%emt 00:00:20]} Qd7
{[%clk 00:11:01]} {[%emt 00:00:07]} 24. d6 {[%clk 00:45:50]} {[%emt 00:00:45]}
Na6 {[%clk 00:09:16]} {[%emt 00:02:16]} 25. Re7 {[%clk 00:44:47]} {[%emt
00:01:32]} Qxf5 {[%clk 00:08:33]} {[%emt 00:01:13]} 26. gxf5 {[%clk 00:45:10]}
{[%emt 00:00:06]} Rd7 {[%clk 00:08:15]} {[%emt 00:00:49]} 27. Ne4 {[%clk
00:37:11]} {[%emt 00:08:27]} Rf7 {[%clk 00:07:11]} {[%emt 00:01:36]} 28. Re6
{[%clk 00:36:03]} {[%emt 00:01:37]} Rf8 {[%clk 00:05:34]} {[%emt 00:02:08]} 29.
c3 {[%clk 00:34:56]} {[%emt 00:01:38]} Kf7 {[%clk 00:05:19]} {[%emt 00:00:45]}
30. Re7+ {[%clk 00:34:41]} {[%emt 00:00:45]} Rxe7 {[%clk 00:03:20]} {[%emt
00:02:29]} 31. dxe7 {[%clk 00:35:03]} {[%emt 00:00:07]} Ra8 {[%clk 00:03:41]}
{[%emt 00:00:09]} 32. Bd6 {[%clk 00:33:35]} {[%emt 00:01:58]} Nc8 {[%clk
00:03:00]} {[%emt 00:01:12]} 33. Ba3 {[%clk 00:32:00]} {[%emt 00:02:05]} Nc7
{[%clk 00:01:26]} {[%emt 00:02:04]} 34. Rd8 {[%clk 00:31:12]} {[%emt 00:01:16]}
Ne8 {[%clk 00:00:44]} {[%emt 00:01:13]} 35. Kd2 {[%clk 00:22:13]} {[%emt
00:09:27]} Nb6 {[%clk 00:00:41]} {[%emt 00:00:36]} 36. Nd6+ {[%clk 00:22:09]}
{[%emt 00:00:34]} Kxe7 {[%clk 00:01:04]} {[%emt 00:00:06]} 37. Nxb7+ {[%clk
00:21:57]} {[%emt 00:00:41]} Kf7 {[%clk 00:01:25]} {[%emt 00:00:10]} 38. Rxa8
{[%clk 00:22:04]} {[%emt 00:00:23]} Nxa8 {[%clk 00:01:54]} {[%emt 00:00:02]}
39. Nd8+ {[%clk 00:22:10]} {[%emt 00:00:22]} Kg8 {[%clk 00:02:23]} {[%emt
00:00:02]} 40. Nc6 {[%clk 00:21:33]} {[%emt 00:01:06]} a6 {[%clk 00:00:41]}
{[%emt 00:02:13]} 41. Ke3 {[%clk 00:21:42]} {[%emt 00:00:21]} Nac7 {[%clk
00:23:54]} {[%emt 00:07:18]} 42. Bc5 {[%clk 00:49:54]} {[%emt 00:02:16]} Nb5
{[%clk 00:23:30]} {[%emt 00:00:55]} 43. Kf4 {[%clk 00:43:34]} {[%emt 00:06:50]}
g5+ {[%clk 00:21:16]} {[%emt 00:02:44]} 44. Ke4 {[%clk 00:40:00]} {[%emt
00:04:04]} Nbd6+ {[%clk 00:19:14]} {[%emt 00:02:33]} 45. Bxd6 {[%clk 00:39:16]}
{[%emt 00:01:13]} Nxd6+ {[%clk 00:19:44]} 46. Kd5 {[%clk 00:39:38]} {[%emt
00:00:08]} Nxf5 {[%clk 00:19:57]} {[%emt 00:00:18]} 47. Ke6 {[%clk 00:39:49]}
1/2-1/2

[Event "DEM U12 2025"]
[Site "Willingen GER"]
[Date "2025.06.12"]
[Round "7"]
[White "Shen, Tingrui"]
[Black "Richter, Felix"]
[Result "1-0"]
[Termination "normal"]
[Board "5"]
[WhiteElo "2101"]
[BlackElo "1867"]
[WhiteClock "00:12:58"]
[BlackClock "01:16:17"]
[PlyCount "97"]
[WhiteFideId "34603441"]
[BlackFideId "34631356"]
[EventCountry "GER"]
[EventRounds "9"]
[EventType "swiss"]
[EventDate "2025.06.07"]

1. e4 {[%clk 01:30:54]} {[%emt 00:00:05]} e6 {[%clk 01:30:32]} {[%emt
00:00:28]} 2. d4 {[%clk 01:30:44]} {[%emt 00:00:40]} d5 {[%clk 01:30:41]}
{[%emt 00:00:20]} 3. e5 {[%clk 01:30:51]} {[%emt 00:00:24]} c5 {[%clk
01:30:58]} {[%emt 00:00:12]} 4. c3 {[%clk 01:31:15]} {[%emt 00:00:07]} Nc6
{[%clk 01:31:19]} {[%emt 00:00:08]} 5. Nf3 {[%clk 01:31:14]} {[%emt 00:00:30]}
Qb6 {[%clk 01:31:43]} {[%emt 00:00:06]} 6. a3 {[%clk 01:31:31]} {[%emt
00:00:15]} Bd7 {[%clk 01:30:01]} {[%emt 00:02:11]} 7. b4 {[%clk 01:31:47]}
{[%emt 00:00:14]} cxd4 {[%clk 01:30:17]} {[%emt 00:00:15]} 8. cxd4 {[%emt
00:01:53]} Nge7 {[%clk 01:28:50]} {[%emt 00:00:15]} 9. Nc3 {[%clk 01:26:55]}
{[%emt 00:05:40]} Nf5 {[%clk 01:23:54]} {[%emt 00:05:26]} 10. Na4 {[%clk
01:21:50]} {[%emt 00:05:36]} Qc7 {[%clk 01:24:02]} {[%emt 00:00:21]} 11. Bb2
{[%clk 01:17:32]} {[%emt 00:04:48]} Be7 {[%clk 01:21:43]} {[%emt 00:02:49]} 12.
Rc1 {[%clk 01:15:12]} {[%emt 00:02:49]} a6 {[%clk 01:21:06]} {[%emt 00:01:06]}
13. Bd3 {[%clk 01:13:29]} {[%emt 00:02:15]} O-O {[%clk 01:18:18]} {[%emt
00:03:17]} 14. O-O {[%clk 01:10:23]} {[%emt 00:03:35]} h6 {[%clk 01:11:12]}
{[%emt 00:07:38]} 15. g3 {[%clk 01:05:06]} {[%emt 00:05:47]} Qd8 {[%clk
01:07:27]} {[%emt 00:04:15]} 16. Qb3 {[%clk 00:52:19]} {[%emt 00:13:17]} Na7
{[%clk 01:04:05]} {[%emt 00:03:51]} 17. Nc3 {[%clk 00:45:29]} {[%emt 00:07:21]}
Bc6 {[%clk 01:03:39]} {[%emt 00:00:56]} 18. Qc2 {[%clk 00:23:51]} {[%emt
00:22:09]} Qd7 {[%clk 01:01:00]} {[%emt 00:03:08]} 19. Qe2 {[%clk 00:16:22]}
{[%emt 00:07:59]} Rac8 {[%clk 00:58:29]} {[%emt 00:03:01]} 20. g4 {[%clk
00:12:20]} {[%emt 00:04:32]} Nh4 {[%clk 00:58:15]} {[%emt 00:00:44]} 21. Nxh4
{[%clk 00:10:19]} {[%emt 00:02:31]} Bxh4 {[%clk 00:58:43]} {[%emt 00:00:01]}
22. f4 {[%clk 00:09:50]} {[%emt 00:00:59]} Bd8 {[%clk 00:57:16]} {[%emt
00:01:58]} 23. Qe3 {[%clk 00:08:07]} {[%emt 00:02:13]} Qe7 {[%clk 00:56:09]}
{[%emt 00:01:36]} 24. Rc2 {[%clk 00:07:03]} {[%emt 00:01:35]} Bb5 {[%clk
00:53:30]} {[%emt 00:03:08]} 25. Nxb5 {[%clk 00:04:42]} {[%emt 00:02:52]} Rxc2
{[%clk 00:53:43]} {[%emt 00:00:17]} 26. Bxc2 {[%clk 00:05:02]} {[%emt
00:00:09]} Nxb5 {[%clk 00:54:09]} {[%emt 00:00:05]} 27. Qd3 {[%clk 00:03:36]}
{[%emt 00:01:56]} f5 {[%clk 00:52:59]} {[%emt 00:01:35]} 28. exf6 {[%clk
00:03:12]} {[%emt 00:01:00]} Qxf6 {[%clk 00:53:21]} {[%emt 00:00:08]} 29. Qh7+
{[%clk 00:03:16]} {[%emt 00:00:26]} Kf7 {[%clk 00:53:34]} {[%emt 00:00:15]} 30.
g5 {[%clk 00:03:30]} {[%emt 00:00:17]} hxg5 {[%clk 00:53:02]} {[%emt 00:01:02]}
31. fxg5 {[%clk 00:03:50]} {[%emt 00:00:10]} Qxf1+ {[%clk 00:53:22]} {[%emt
00:00:11]} 32. Kxf1 {[%clk 00:04:12]} {[%emt 00:00:07]} Bxg5 {[%clk 00:53:18]}
{[%emt 00:00:33]} 33. a4 {[%clk 00:04:06]} {[%emt 00:00:37]} Nd6 {[%clk
00:53:34]} {[%emt 00:00:12]} 34. Ke2 {[%clk 00:04:27]} {[%emt 00:00:11]} Bf6
{[%clk 00:53:44]} {[%emt 00:00:20]} 35. Bd3 {[%clk 00:04:10]} {[%emt 00:00:47]}
b5 {[%clk 00:54:00]} {[%emt 00:00:14]} 36. axb5 {[%clk 00:03:24]} {[%emt
00:01:16]} axb5 {[%clk 00:54:29]} {[%emt 00:00:01]} 37. Kd1 {[%clk 00:02:52]}
{[%emt 00:01:02]} Rc8 {[%clk 00:53:37]} {[%emt 00:01:20]} 38. h4 {[%clk
00:02:55]} {[%emt 00:00:28]} Nc4 {[%clk 00:53:43]} {[%emt 00:00:24]} 39. Bc1
{[%clk 00:02:56]} {[%emt 00:00:31]} Bxd4 {[%clk 00:51:52]} {[%emt 00:02:19]}
40. h5 {[%clk 00:02:16]} {[%emt 00:01:11]} Nb2+ {[%clk 00:50:31]} {[%emt
00:01:51]} 41. Bxb2 {[%clk 00:01:12]} {[%emt 00:01:34]} Bxb2 {[%clk 00:50:56]}
{[%emt 00:00:04]} 42. Bxb5 {[%clk 00:29:13]} {[%emt 00:02:30]} Rc1+ {[%clk
01:19:03]} {[%emt 00:02:21]} 43. Kd2 {[%clk 00:27:08]} {[%emt 00:02:37]} Rg1
{[%clk 01:19:25]} {[%emt 00:00:08]} 44. Be2 {[%clk 00:26:24]} {[%emt 00:01:15]}
Rg3 {[%clk 01:17:59]} {[%emt 00:01:51]} 45. b5 {[%clk 00:25:14]} {[%emt
00:01:44]} Be5 {[%clk 01:18:13]} {[%emt 00:00:17]} 46. Qc2 {[%clk 00:17:06]}
{[%emt 00:08:36]} Ra3 {[%clk 01:16:30]} {[%emt 00:02:14]} 47. Bg4 {[%clk
00:13:42]} {[%emt 00:03:52]} Bf6 {[%clk 01:16:21]} {[%emt 00:00:34]} 48. b6
{[%clk 00:12:37]} {[%emt 00:01:43]} Rg3 {[%clk 01:16:17]} {[%emt 00:00:34]} 49.
Qc7+ {[%clk 00:12:58]} 1-0

[Event "DEM U12 2025"]
[Site "Willingen GER"]
[Date "2025.06.12"]
[Round "7"]
[White "Li, Yunqi"]
[Black "Kottage, Nilash Nethul"]
[Result "1-0"]
[Termination "normal"]
[Board "6"]
[WhiteElo "2124"]
[BlackElo "1526"]
[WhiteClock "01:01:16"]
[BlackClock "00:21:06"]
[PlyCount "107"]
[WhiteFideId "34610618"]
[BlackFideId "29935768"]
[EventCountry "GER"]
[EventRounds "9"]
[EventType "swiss"]
[EventDate "2025.06.07"]

1. d4 {[%clk 01:30:57]} {[%emt 00:00:02]} d5 {[%clk 01:30:56]} {[%emt
00:00:05]} 2. c4 {[%clk 01:31:20]} {[%emt 00:00:07]} e6 {[%clk 01:31:20]}
{[%emt 00:00:06]} 3. Nf3 {[%clk 01:31:43]} {[%emt 00:00:07]} Nf6 {[%clk
01:28:46]} {[%emt 00:03:05]} 4. g3 {[%clk 01:31:12]} {[%emt 00:01:00]} c5
{[%clk 01:27:42]} {[%emt 00:01:34]} 5. cxd5 {[%clk 01:31:27]} {[%emt 00:00:15]}
exd5 {[%clk 01:25:15]} {[%emt 00:02:57]} 6. Bg2 {[%clk 01:31:09]} {[%emt
00:00:48]} Nc6 {[%clk 01:21:59]} {[%emt 00:03:47]} 7. O-O {[%clk 01:31:21]}
{[%emt 00:00:17]} Be7 {[%clk 01:17:13]} {[%emt 00:05:17]} 8. dxc5 {[%clk
01:31:15]} {[%emt 00:00:35]} Bxc5 {[%clk 01:17:03]} {[%emt 00:00:40]} 9. Qc2
{[%clk 01:27:32]} {[%emt 00:04:13]} Bb6 {[%clk 01:16:58]} {[%emt 00:00:36]} 10.
Nc3 {[%clk 01:23:12]} {[%emt 00:04:51]} Be6 {[%clk 01:16:21]} {[%emt 00:01:06]}
11. Na4 {[%clk 01:14:23]} {[%emt 00:09:19]} Rc8 {[%clk 01:04:16]} {[%emt
00:12:35]} 12. Nxb6 {[%clk 01:13:10]} {[%emt 00:01:43]} Qxb6 {[%clk 01:04:05]}
{[%emt 00:00:41]} 13. Be3 {[%clk 01:00:40]} {[%emt 00:13:00]} d4 {[%clk
00:49:54]} {[%emt 00:14:41]} 14. Nxd4 {[%clk 01:00:09]} {[%emt 00:01:01]} Nxd4
{[%clk 00:48:08]} {[%emt 00:02:17]} 15. Qa4+ {[%clk 01:00:23]} {[%emt
00:00:15]} Bd7 {[%clk 00:44:16]} {[%emt 00:04:21]} 16. Qxd4 {[%clk 01:00:40]}
{[%emt 00:00:14]} Qxd4 {[%emt 00:01:25]} 17. Bxd4 {[%clk 01:00:59]} {[%emt
00:00:07]} b6 {[%clk 00:43:21]} {[%emt 00:00:34]} 18. Rfc1 {[%clk 00:59:39]}
{[%emt 00:01:50]} O-O {[%clk 00:38:35]} {[%emt 00:05:16]} 19. e3 {[%clk
00:58:54]} {[%emt 00:01:15]} Be6 {[%clk 00:36:51]} {[%emt 00:02:14]} 20. a3
{[%clk 00:57:07]} {[%emt 00:02:16]} Rfd8 {[%clk 00:33:11]} {[%emt 00:04:10]}
21. Bb7 {[%clk 00:55:49]} {[%emt 00:01:49]} Rb8 {[%clk 00:32:12]} {[%emt
00:01:29]} 22. Ba6 {[%clk 00:55:31]} {[%emt 00:00:47]} Bc8 {[%clk 00:30:01]}
{[%emt 00:02:40]} 23. Bd3 {[%clk 00:49:14]} {[%emt 00:06:48]} Bb7 {[%clk
00:25:20]} {[%emt 00:05:12]} 24. Rc2 {[%clk 00:48:55]} {[%emt 00:00:48]} Nd7
{[%clk 00:24:21]} {[%emt 00:01:29]} 25. Bf1 {[%clk 00:43:08]} {[%emt 00:06:17]}
f6 {[%clk 00:18:18]} {[%emt 00:06:34]} 26. Bg2 {[%clk 00:42:15]} {[%emt
00:01:22]} Ne5 {[%clk 00:18:20]} {[%emt 00:00:29]} 27. Bxe5 {[%clk 00:41:30]}
{[%emt 00:01:16]} fxe5 {[%clk 00:18:41]} {[%emt 00:00:08]} 28. Bxb7 {[%clk
00:41:41]} {[%emt 00:00:18]} Rxb7 {[%clk 00:19:00]} {[%emt 00:00:12]} 29. Rac1
{[%clk 00:42:07]} {[%emt 00:00:04]} Rbd7 {[%clk 00:15:44]} {[%emt 00:03:47]}
30. Rc8 {[%clk 00:40:15]} {[%emt 00:02:21]} Rxc8 {[%clk 00:15:07]} {[%emt
00:01:07]} 31. Rxc8+ {[%clk 00:40:39]} {[%emt 00:00:06]} Kf7 {[%clk 00:15:35]}
{[%emt 00:00:02]} 32. Kg2 {[%clk 00:40:39]} {[%emt 00:00:30]} Kf6 {[%clk
00:14:48]} {[%emt 00:01:17]} 33. Rc2 {[%clk 00:40:31]} {[%emt 00:00:37]} Kf5
{[%clk 00:14:17]} {[%emt 00:01:03]} 34. Kf3 {[%clk 00:38:53]} {[%emt 00:02:07]}
e4+ {[%clk 00:12:04]} {[%emt 00:02:43]} 35. Ke2 {[%clk 00:37:59]} {[%emt
00:01:24]} Kg4 {[%clk 00:10:22]} {[%emt 00:02:12]} 36. h4 {[%clk 00:36:57]}
{[%emt 00:01:32]} h6 {[%clk 00:08:09]} {[%emt 00:02:43]} 37. Rc4 {[%clk
00:34:40]} {[%emt 00:02:47]} Kf5 {[%clk 00:08:25]} {[%emt 00:00:14]} 38. f3
{[%clk 00:34:13]} {[%emt 00:00:57]} exf3+ {[%clk 00:08:37]} {[%emt 00:00:18]}
39. Kxf3 {[%clk 00:34:34]} {[%emt 00:00:09]} g5 {[%clk 00:01:20]} {[%emt
00:07:47]} 40. g4+ {[%clk 00:34:16]} {[%emt 00:00:48]} Ke5 {[%clk 00:01:19]}
{[%emt 00:00:31]} 41. h5 {[%clk 00:34:34]} {[%emt 00:00:12]} Rf7+ {[%clk
00:00:51]} {[%emt 00:00:59]} 42. Ke2 {[%clk 00:34:11]} {[%emt 00:00:52]} Rf6
{[%clk 00:28:10]} {[%emt 00:03:10]} 43. b4 {[%clk 01:03:27]} {[%emt 00:01:16]}
Rd6 {[%clk 00:26:54]} {[%emt 00:01:44]} 44. b5 {[%clk 01:03:24]} {[%emt
00:00:34]} Rf6 {[%clk 00:26:09]} {[%emt 00:01:10]} 45. Rc7 {[%clk 01:02:32]}
{[%emt 00:01:27]} Kd5 {[%clk 00:25:45]} {[%emt 00:00:54]} 46. a4 {[%clk
01:02:10]} {[%emt 00:00:52]} Re6 {[%clk 00:23:30]} {[%emt 00:02:45]} 47. Rxa7
{[%clk 01:02:18]} {[%emt 00:00:22]} Kc5 {[%clk 00:23:46]} {[%emt 00:00:12]} 48.
Rc7+ {[%clk 01:02:42]} {[%emt 00:00:08]} Kd5 {[%clk 00:21:59]} {[%emt
00:02:16]} 49. Kd3 {[%clk 01:02:12]} {[%emt 00:01:00]} Re8 {[%clk 00:20:57]}
{[%emt 00:01:31]} 50. Rc6 {[%clk 01:02:13]} {[%emt 00:00:30]} Ra8 {[%clk
00:21:15]} {[%emt 00:00:14]} 51. Rxb6 {[%clk 01:00:50]} {[%emt 00:01:53]} Rxa4
{[%clk 00:21:34]} {[%emt 00:00:10]} 52. Rxh6 {[%clk 01:01:06]} {[%emt
00:00:14]} Rxg4 {[%clk 00:21:58]} {[%emt 00:00:06]} 53. Rg6 {[%clk 01:00:55]}
{[%emt 00:00:41]} Rg1 {[%clk 00:21:06]} {[%emt 00:01:22]} 54. b6 {[%clk
01:01:16]} {[%emt 00:00:09]} 1-0